01275nam a2200253 4500003000800000005001700008008004100025040002600066041000800092092002600100100003200126245026400158260002700422300002900449502016400478504005100642650008100693650003300774650004000807651006300847830008100910942001300991999001701004DO-SdUA20250325093542.0 s2022 dr a|| |||| 0 |a||0|spa d aDO-SdUAbspacDO-SdUA0 aspa aMA-PPGE 0003 FCE 20221 aNúñez Marte, Sebastiana13aEl juego trabajo como estrategia para el desarrollo físico motriz de los niños del preprimario, nivel inicial en el Centro Educativo Jacqueline Lima del Municipio de Bonao, Provincia Monseñor Nouel, año escolar 2019-2020 /cSebastiana Núñez Marte. aBonao :bUASD, c2022. aix, 118, [19], h. :bil. aTesis y trabajo de grado (Maestría en Procesos Pedagógicos y Gestión de la Educación Infantil)-- Universidad Autónoma de Santo Domingo, Bonao, 2022. aIncluye referencias bibliográficas y anexos. 72lemb9630aActividades creativas y trabajo de clasexEstrategia y técnicas 72lemb925194aPsicomotricidad 72lemb910519aEducación preescolar 72lemb954899aBonao (Provincia Monseñor Nouel)y2019-2020 aTesis y disertaciones académicas (Universidad Autónoma de Santo Domingo) 2clcTn0 c13053d13053